Online
Catalog

Primer informe sobre piezas metálicas indigenas en barrera / (Record no. 29179)

MARC details
000 -CABECERA
campo de control de longitud fija 01118nam a2200301 i 4500
001 - NÚMERO DE CONTROL
campo de control 000029687
003 - IDENTIFICADOR DEL NÚMERO DE CONTROL
campo de control DO-SdBNP
005 - FECHA Y HORA DE LA ÚLTIMA TRANSACCIÓN
campo de control 20240606145304.0
006 - CÓDIGOS DE INFORMACIÓN DE LONGITUD FIJA--CARACTERÍSTICAS DEL MATERIAL ADICIONAL
campo de control de longitud fija a||||gr|||| 00| 0
007 - CAMPO FIJO DE DESCRIPCIÓN FÍSICA--INFORMACIÓN GENERAL
campo de control de longitud fija ta
008 - DATOS DE LONGITUD FIJA--INFORMACIÓN GENERAL
campo de control de longitud fija 110425s2004 dr aob 000 0 spa d
040 ## - FUENTE DE LA CATALOGACIÓN
Centro catalogador/agencia de origen DO-SdBNP
Lengua de catalogación spa
Centro/agencia transcriptor BNPHU
Normas de descripción rda
082 #4 - NÚMERO DE LA CLASIFICACIÓN DECIMAL DEWEY
Número de clasificación 22
Número de documento/Ítem O77p
100 1# - ENTRADA PRINCIPAL--NOMBRE DE PERSONA
Nombre de persona Ortega, Elpidio
9 (RLIN) 16002
Término indicativo de función/relación autor
245 10 - MENCIÓN DE TÍTULO
Título Primer informe sobre piezas metálicas indigenas en barrera /
Mención de responsabilidad, etc. Elpidio Ortega, Carmen G. Fondeour.
264 ## - PRODUCCIÓN, PUBLICACIÓN, DISTRIBUCIÓN, FABRICACIÓN Y COPYRIGHT
Producción, publicación, distribución, fabricación y copyright Santo Domingo :
Nombre del de productor, editor, distribuidor, fabricante Centro Dominicana de Investigaciones Antropologícas, (CENDIA),
Fecha de producción, publicación, distribución, fabricación o copyright [19--?]
300 ## - DESCRIPCIÓN FÍSICA
Extensión 10, [8] páginas :
Otras características físicas ilustraciones, fotografías, mapas ;
Dimensiones 21 cm.
336 ## - TIPO DE CONTENIDO
Fuente rdacontent
Término de tipo de contenido texto
Código de tipo de contenido txt
337 ## - TIPO DE MEDIO
Fuente rdamedia
Nombre/término del tipo de medio sin mediación
Código del tipo de medio n
338 ## - TIPO DE SOPORTE
Fuente rdacarrier
Nombre/término del tipo de soporte volumen
Código del tipo de soporte nc
490 ## - MENCIÓN DE SERIE
Mención de serie Cuadernos del Cendia ;
Designación de volumen o secuencia 3
650 #4 - PUNTO DE ACCESO ADICIONAL DE MATERIA--TÉRMINO DE MATERIA
Término de materia o nombre geográfico como elemento de entrada Indios Taínos
Subdivisión general Antigüedades
9 (RLIN) 28384
650 #4 - PUNTO DE ACCESO ADICIONAL DE MATERIA--TÉRMINO DE MATERIA
Término de materia o nombre geográfico como elemento de entrada Historia
Subdivisión general Indios
9 (RLIN) 28532
650 #4 - PUNTO DE ACCESO ADICIONAL DE MATERIA--TÉRMINO DE MATERIA
Término de materia o nombre geográfico como elemento de entrada Indios Taínos
Subdivisión general Antigüedades
9 (RLIN) 28384
Subdivisión cronológica República Dominicana
700 1# - PUNTO DE ACCESO ADICIONAL--NOMBRE DE PERSONA
Nombre de persona Fondeour, Carmen G.
9 (RLIN) 56485
Término indicativo de función/relación autora
830 #0 - PUNTO DE ACCESO ADICIONAL DE SERIE-TÍTULO UNIFORME
Título uniforme Universidad Autónoma de Santo Domingo
Designación de volumen o secuencia 254
9 (RLIN) 56475
942 ## - ELEMENTOS DE PUNTO DE ACCESO ADICIONAL (KOHA)
Fuente del sistema de clasificación o colocación Dewey Decimal Classification
Tipo de ítem Koha Folleto
Holdings
Estado de retiro Estado de pérdida Restricciones de uso No para préstamo Código de colección Localización permanente Ubicación/localización actual Ubicación en estantería Fecha de adquisición Número de inventario Total de préstamos Signatura topográfica completa Código de barras Fecha visto por última vez Número de copia Precio válido a partir de Tipo de ítem Koha Fuente del sistema de clasificación o colocación Fuente de adquisición
    Préstamo en sala   Dominicana Folletos Biblioteca Nacional Pedro Henríquez Ureña Biblioteca Nacional Pedro Henríquez Ureña En catalogación 06.06.2023     22 O77p 2024-3263 06.06.2024 e.5 06.06.2024 Folleto Dewey Decimal Classification Donado por Presidencia de la República Dominicana
        Dominicana de Servicio General General En catalogación 30.06.2011 LF1   xxx O77p 29687-40 25.06.2020 e. 4 25.06.2020 Libro y Folleto Colección Dominicana de Servicio    
        Dominicana de Servicio General General En catalogación 30.06.2011 LF1   xxx O77p 29687-50 25.06.2020 e. 5 25.06.2020 Libro y Folleto Colección Dominicana de Servicio    
      Excluido de préstamo Patrimonio Dominicano Patrimonio Dominicano Patrimonio Dominicano Depósito 25.04.2011 LF1   xxx O77p 29687-10 25.06.2020   25.06.2020 Libro y Folleto Colección Patrimonio Dominicano    
      Excluido de préstamo Patrimonio Dominicano Patrimonio Dominicano Patrimonio Dominicano En catalogación 30.06.2011 LF1   xxx O77p 29687-20 25.06.2020 e. 2 25.06.2020 Libro y Folleto Colección Patrimonio Dominicano    

Powered by Koha